| 000 | 00583nam a22001937a 4500 | ||
|---|---|---|---|
| 005 | 20140217105839.0 | ||
| 010 | _aENG-108560 | ||
| 020 |
_a9788120348059 _c395.00 |
||
| 035 | _aEN-92093 | ||
| 037 | _bDBAD/PUB | ||
| 082 | _a658.872 | ||
| 100 | _aBandyopadhyay, Karabi | ||
| 245 |
_aMobile commerce / _cby Karabi Bandyopadhyay |
||
| 260 |
_aDelhi _bPHI Learning _c2013 |
||
| 270 |
_aRimjhim House, 111, Patparganj Industrail Estate _bDelhi _e110092 |
||
| 300 |
_axvii, 380p. : _c24cm (pbk) _bill. |
||
| 500 | _aIncludes Index | ||
| 942 |
_2ddc _cEN _mBAN _h658.872 |
||
| 999 |
_c79489 _d79489 |
||